00679nam a2200193Ia 4500008004100000020001800041082001600059100004500075245003200120250000700152260004200159300003100201500001900232600002100251650005000272942000700322952013900329999001700468240925s9999 xx 000 0 und d a9789332569713 a005.133 DON aDonovan, Alan A. A.; Kernighan, Brian W. 4aThe Go Programming Language aNA aNew Delhi:bPearson Educationc,2016. aVarious pagesb0fOriginal aIncludes Index aComputer Science aComputer science, information & general works cBK 001040708CSaUITUbUITUd2017-09-28eBook World Internationalg1040.00l0o005.133 DONpQ11412r2024-09-25 07:16:04w2024-09-25yBK c13911d13911